000 00320nam a2200157Ia 4500
100 _aSethi/ Ravi
250 _a2
942 _cBK
654 _aLanguages
245 _aProgramming Languages
260 _bAddison Wesly
_aNew york
_c1996
082 _a5.13
_bSET
300 _a640
546 _aENGLISH
999 _c17949
_d17949